000 00765nam a22002417a 4500
003 UA-OsUOA
001 38431
007 ta
008 20060510b un ||||| |||| 00| 0 ukr d
100 _aСонин В. А.
090 _a159.923
_bС62
942 _cBK
040 _aUA-OsUOA
_brus
_cUA-OsUOA
_dUA-OsUOA
245 _aПсиходиагностическое познание професиональной деятельности
_b(для студентов, школьных психологов, учетилей-предметников)
300 _a408 с.
955 _a2
041 _arus
080 _a159.923
020 _a5-9268-0293-8
260 _aСПб
_bРечь
_c2004
650 7 _a159.9 Психологія
_2UDC
999 _c324585
_d324585